00489 2200157 4500001002100000005001500021035002000036245012900056100001600185300003000201700001900231260004500250082000600295084001200301020001800313INLIS00000000000014020220609093702 a0010-06220000301 aKumpulan Cerita Cerdas 1 :bSeri PAUD Cerita Cerdas Mengoptimalkan Kecerdasan Majemuk Anak /cReny Novita dan Budi Hariyanto0 aReny Novita a18 hlm. :bilus ;c28 cm.0 aBudi Hariyanto aJakarta :bMilenia Indomedia Tama,c2010 aF aF REN k a9786029738421